[Event "DEM U10w 2023"]
[Site "Willingen GER"]
[Date "2023.05.31"]
[Round "7"]
[White "Rhein, Linnea"]
[Black "Börner, Martha"]
[Result "1-0"]
[Termination "normal"]
[Board "16"]
[WhiteElo "849"]
[BlackElo "1086"]
[WhiteClock "00:31:06"]
[BlackClock "00:35:20"]
[PlyCount "177"]
[WhiteFideId "34649018"]
[BlackFideId "34665382"]
[EventCountry "GER"]
[EventRounds "11"]
[EventType "swiss"]
[EventDate "2023.05.27"]

1. d4 {[%clk 01:15:57]} {[%emt 00:00:02]} d5 {[%clk 01:16:16]} {[%emt
00:00:13]} 2. Bf4 {[%clk 01:16:10]} {[%emt 00:00:18]} Bf5 {[%clk 01:16:27]}
{[%emt 00:00:19]} 3. e3 {[%clk 01:16:27]} {[%emt 00:00:13]} e6 {[%clk
01:16:44]} {[%emt 00:00:14]} 4. Nf3 {[%clk 01:16:40]} {[%emt 00:00:18]} Nf6
{[%clk 01:16:52]} {[%emt 00:00:20]} 5. Be2 {[%clk 01:16:53]} {[%emt 00:00:18]}
Bd6 {[%clk 01:17:03]} {[%emt 00:00:17]} 6. Bxd6 {[%clk 01:16:59]} {[%emt
00:00:24]} Qxd6 {[%clk 01:15:56]} {[%emt 00:01:38]} 7. Nbd2 {[%clk 01:17:13]}
{[%emt 00:00:16]} Nbd7 {[%clk 01:15:37]} {[%emt 00:00:48]} 8. O-O {[%clk
01:17:27]} {[%emt 00:00:17]} O-O {[%clk 01:15:54]} {[%emt 00:00:14]} 9. c4
{[%clk 01:13:06]} {[%emt 00:04:51]} c5 {[%clk 01:14:10]} {[%emt 00:02:12]} 10.
dxc5 {[%clk 01:08:50]} {[%emt 00:04:47]} Nxc5 {[%clk 01:11:35]} {[%emt
00:03:05]} 11. Rc1 {[%clk 01:07:31]} {[%emt 00:01:50]} Rac8 {[%clk 01:07:02]}
{[%emt 00:05:03]} 12. b4 {[%clk 01:06:22]} {[%emt 00:01:40]} Nce4 {[%clk
01:05:02]} {[%emt 00:02:27]} 13. c5 {[%clk 01:05:59]} {[%emt 00:00:55]} Qb8
{[%clk 01:04:45]} {[%emt 00:00:47]} 14. Nxe4 {[%clk 01:04:53]} {[%emt
00:01:35]} dxe4 {[%clk 01:04:31]} {[%emt 00:00:42]} 15. Nd4 {[%clk 01:03:47]}
{[%emt 00:01:39]} Rfd8 {[%clk 01:03:58]} {[%emt 00:01:02]} 16. Qb3 {[%clk
00:58:08]} {[%emt 00:06:10]} Rd7 {[%clk 00:56:45]} {[%emt 00:07:44]} 17. c6
{[%clk 00:56:04]} {[%emt 00:02:31]} Rdc7 {[%clk 00:54:05]} {[%emt 00:03:11]}
18. b5 {[%clk 00:53:47]} {[%emt 00:02:48]} a6 {[%clk 00:52:34]} {[%emt
00:02:01]} 19. bxa6 {[%clk 00:52:32]} {[%emt 00:01:45]} bxa6 {[%clk 00:47:48]}
{[%emt 00:05:16]} 20. Qxb8 {[%clk 00:52:41]} {[%emt 00:00:20]} Rxb8 {[%clk
00:47:53]} {[%emt 00:00:26]} 21. Bxa6 {[%clk 00:52:40]} {[%emt 00:00:31]} Nd5
{[%clk 00:44:56]} {[%emt 00:03:24]} 22. a3 {[%clk 00:52:15]} {[%emt 00:00:58]}
Ne7 {[%clk 00:43:49]} {[%emt 00:01:36]} 23. Rb1 {[%clk 00:51:00]} {[%emt
00:01:45]} Rxb1 {[%clk 00:41:39]} {[%emt 00:02:40]} 24. Rxb1 {[%clk 00:51:03]}
{[%emt 00:00:28]} g6 {[%clk 00:41:29]} {[%emt 00:00:39]} 25. Rb7 {[%clk
00:50:17]} {[%emt 00:01:16]} Nd5 {[%clk 00:38:12]} {[%emt 00:03:48]} 26. Rxc7
{[%clk 00:49:08]} {[%emt 00:01:40]} Nxc7 {[%clk 00:38:21]} {[%emt 00:00:20]}
27. Bb5 {[%clk 00:48:38]} {[%emt 00:00:59]} e5 {[%clk 00:38:23]} {[%emt
00:00:28]} 28. Nxf5 {[%clk 00:48:42]} {[%emt 00:00:27]} gxf5 {[%clk 00:38:12]}
{[%emt 00:00:40]} 29. a4 {[%clk 00:48:54]} {[%emt 00:00:19]} Kf8 {[%clk
00:38:31]} {[%emt 00:00:10]} 30. Bc4 {[%clk 00:48:03]} {[%emt 00:01:21]} Ke7
{[%clk 00:38:25]} {[%emt 00:00:36]} 31. Kf1 {[%clk 00:47:42]} {[%emt 00:00:52]}
f6 {[%clk 00:38:35]} {[%emt 00:00:19]} 32. Ke2 {[%clk 00:48:02]} {[%emt
00:00:11]} Kd6 {[%clk 00:38:57]} {[%emt 00:00:07]} 33. Bb5 {[%clk 00:47:56]}
{[%emt 00:00:37]} Kc5 {[%clk 00:39:03]} {[%emt 00:00:24]} 34. Kd2 {[%clk
00:48:03]} {[%emt 00:00:23]} h6 {[%clk 00:39:18]} {[%emt 00:00:14]} 35. Kc3
{[%clk 00:47:43]} {[%emt 00:00:50]} h5 {[%clk 00:38:55]} {[%emt 00:00:53]} 36.
f4 {[%clk 00:47:41]} {[%emt 00:00:32]} exf4 {[%clk 00:39:02]} {[%emt 00:00:22]}
37. exf4 {[%clk 00:48:02]} {[%emt 00:00:10]} Nd5+ {[%clk 00:38:54]} {[%emt
00:00:37]} 38. Kd2 {[%clk 00:47:19]} {[%emt 00:01:14]} e3+ {[%clk 00:38:51]}
{[%emt 00:00:33]} 39. Ke2 {[%clk 00:47:34]} {[%emt 00:00:16]} Kd4 {[%clk
00:38:38]} {[%emt 00:00:42]} 40. g3 {[%clk 00:46:58]} {[%emt 00:01:07]} Nc3+
{[%clk 00:38:29]} {[%emt 00:00:38]} 41. Ke1 {[%clk 00:46:35]} {[%emt 00:00:54]}
Nd5 {[%clk 00:38:09]} {[%emt 00:00:50]} 42. Ke2 {[%clk 00:44:13]} {[%emt
00:02:52]} Nc7 {[%clk 00:37:35]} {[%emt 00:01:03]} 43. h3 {[%clk 00:40:34]}
{[%emt 00:04:11]} Nd5 {[%clk 00:37:20]} {[%emt 00:00:45]} 44. Kf3 {[%clk
00:38:20]} {[%emt 00:02:45]} Nc7 {[%clk 00:37:13]} {[%emt 00:00:36]} 45. g4
{[%clk 00:36:33]} {[%emt 00:02:17]} fxg4+ {[%clk 00:37:15]} {[%emt 00:00:27]}
46. hxg4 {[%clk 00:36:31]} {[%emt 00:00:34]} h4 {[%clk 00:37:08]} {[%emt
00:00:37]} 47. g5 {[%clk 00:35:40]} {[%emt 00:01:21]} h3 {[%clk 00:37:12]}
{[%emt 00:00:25]} 48. gxf6 {[%clk 00:34:34]} {[%emt 00:01:36]} h2 {[%clk
00:36:56]} {[%emt 00:00:47]} 49. Kg2 {[%clk 00:34:57]} {[%emt 00:00:07]} Nxb5
{[%clk 00:37:10]} {[%emt 00:00:16]} 50. axb5 {[%clk 00:35:16]} {[%emt
00:00:10]} e2 {[%clk 00:37:32]} {[%emt 00:00:08]} 51. f7 {[%clk 00:35:28]}
{[%emt 00:00:19]} e1=Q {[%clk 00:37:44]} {[%emt 00:00:16]} 52. Kxh2 {[%clk
00:35:10]} {[%emt 00:00:49]} Qe7 {[%clk 00:38:05]} {[%emt 00:00:10]} 53. c7
{[%clk 00:34:47]} {[%emt 00:00:53]} Qf8 {[%clk 00:38:24]} {[%emt 00:00:09]} 54.
b6 {[%clk 00:35:05]} {[%emt 00:00:14]} Qh6+ {[%clk 00:38:31]} {[%emt 00:00:22]}
55. Kg3 {[%clk 00:35:18]} {[%emt 00:00:17]} Qg6+ {[%clk 00:38:46]} {[%emt
00:00:15]} 56. Kf3 {[%clk 00:35:26]} {[%emt 00:00:23]} Qh5+ {[%clk 00:38:53]}
{[%emt 00:00:22]} 57. Kg3 {[%clk 00:34:58]} {[%emt 00:01:32]} Qc5 {[%clk
00:35:36]} {[%emt 00:04:13]} 58. Kf3 {[%clk 00:34:33]} {[%emt 00:00:55]} Kc4
{[%clk 00:35:42]} {[%emt 00:00:25]} 59. b7 {[%clk 00:34:30]} {[%emt 00:00:33]}
Qc6+ {[%clk 00:35:58]} {[%emt 00:00:13]} 60. Kg4 {[%clk 00:34:37]} {[%emt
00:00:23]} Qd7 {[%clk 00:35:14]} {[%emt 00:01:13]} 61. f5 {[%clk 00:34:31]}
{[%emt 00:00:37]} Qxc7 {[%clk 00:34:17]} {[%emt 00:01:27]} 62. f8=Q {[%emt
00:00:17]} Qxb7 {[%emt 00:00:22]} 63. f6 {[%clk 00:33:21]} {[%emt 00:01:01]}
Qe4 {[%clk 00:34:25]} {[%emt 00:00:22]} 64. Kg5 {[%clk 00:33:32]} {[%emt
00:00:17]} Kb5 {[%clk 00:34:17]} {[%emt 00:00:38]} 65. f7 {[%clk 00:33:47]}
{[%emt 00:00:16]} Qe5 {[%clk 00:34:34]} {[%emt 00:00:13]} 66. Kg6 {[%clk
00:33:57]} {[%emt 00:00:20]} Qe6+ {[%clk 00:34:43]} {[%emt 00:00:22]} 67. Kg7
{[%clk 00:32:27]} {[%emt 00:02:00]} Qg4+ {[%clk 00:34:44]} {[%emt 00:00:26]}
68. Kh8 {[%clk 00:32:00]} {[%emt 00:01:00]} Qh5+ {[%clk 00:34:55]} {[%emt
00:00:18]} 69. Kg8 {[%clk 00:32:00]} {[%emt 00:00:31]} Qg5+ {[%clk 00:34:47]}
{[%emt 00:00:36]} 70. Qg7 {[%clk 00:32:08]} {[%emt 00:00:24]} Qd8+ {[%clk
00:35:01]} {[%emt 00:00:15]} 71. f8=Q {[%emt 00:00:17]} Qd5+ {[%clk 00:35:09]}
{[%emt 00:00:18]} 72. Qff7 {[%clk 00:32:11]} {[%emt 00:00:44]} Qd8+ {[%clk
00:35:27]} {[%emt 00:00:10]} 73. Kh7 {[%clk 00:32:06]} {[%emt 00:00:37]} Qh4+
{[%clk 00:35:35]} {[%emt 00:00:21]} 74. Qh6 {[%clk 00:29:31]} {[%emt 00:03:06]}
Qe4+ {[%clk 00:35:49]} {[%emt 00:00:13]} 75. Kg7 {[%clk 00:29:00]} {[%emt
00:01:04]} Qg4+ {[%clk 00:35:57]} {[%emt 00:00:23]} 76. Qhg6 {[%clk 00:28:55]}
{[%emt 00:00:31]} Qd4+ {[%clk 00:35:47]} {[%emt 00:00:25]} 77. Kh6 {[%clk
00:29:17]} {[%emt 00:00:26]} Qh8+ {[%clk 00:33:38]} {[%emt 00:02:40]} 78. Qgh7
{[%clk 00:29:27]} {[%emt 00:00:19]} Qxh7+ {[%clk 00:32:51]} {[%emt 00:01:17]}
79. Kxh7 {[%clk 00:29:40]} {[%emt 00:00:18]} Kc6 {[%clk 00:33:10]} {[%emt
00:00:10]} 80. Qf5 {[%clk 00:29:48]} {[%emt 00:00:21]} Kd6 {[%clk 00:33:23]}
{[%emt 00:00:18]} 81. Kg6 {[%clk 00:29:57]} {[%emt 00:00:20]} Ke7 {[%clk
00:33:39]} {[%emt 00:00:13]} 82. Qf6+ {[%clk 00:29:48]} {[%emt 00:00:40]} Kd7
{[%clk 00:34:03]} {[%emt 00:00:07]} 83. Kf5 {[%clk 00:30:06]} {[%emt 00:00:13]}
Kc7 {[%clk 00:34:23]} {[%emt 00:00:09]} 84. Ke5 {[%clk 00:30:26]} {[%emt
00:00:10]} Kd7 {[%clk 00:34:46]} {[%emt 00:00:07]} 85. Kd5 {[%clk 00:30:01]}
{[%emt 00:00:56]} Kc7 {[%clk 00:34:39]} {[%emt 00:00:37]} 86. Qc6+ {[%clk
00:30:06]} {[%emt 00:00:24]} Kd8 {[%clk 00:34:54]} {[%emt 00:00:14]} 87. Qb7
{[%clk 00:30:27]} {[%emt 00:00:10]} Ke8 {[%clk 00:35:14]} {[%emt 00:00:09]} 88.
Ke6 {[%clk 00:30:45]} {[%emt 00:00:14]} Kf8 {[%clk 00:35:20]} {[%emt 00:00:24]}
89. Qf7# {[%clk 00:31:06]} {[%emt 00:00:08]} 1-0

[Event "DEM U10w 2023"]
[Site "Willingen GER"]
[Date "2023.05.31"]
[Round "7"]
[White "Klymenko, Mariia"]
[Black "Bräutigam, Viktoria"]
[Result "1-0"]
[Termination "normal"]
[Board "17"]
[WhiteElo "1039"]
[BlackElo "770"]
[WhiteClock "00:08:13"]
[BlackClock "00:55:43"]
[PlyCount "55"]
[WhiteFideId "34620621"]
[BlackFideId "34638652"]
[EventCountry "GER"]
[EventRounds "11"]
[EventType "swiss"]
[EventDate "2023.05.27"]

1. e4 {[%clk 01:15:58]} {[%emt 00:00:01]} e5 {[%clk 01:15:52]} {[%emt
00:00:09]} 2. f4 {[%clk 01:16:23]} {[%emt 00:00:04]} exf4 {[%clk 01:16:04]}
{[%emt 00:00:15]} 3. Bc4 {[%clk 01:16:50]} {[%emt 00:00:06]} Nc6 {[%clk
01:14:58]} {[%emt 00:01:36]} 4. Nf3 {[%clk 01:15:49]} {[%emt 00:01:31]} Bc5
{[%clk 01:14:44]} {[%emt 00:00:44]} 5. d4 {[%clk 01:15:43]} {[%emt 00:00:36]}
Nxd4 {[%clk 01:14:29]} {[%emt 00:00:42]} 6. Nxd4 {[%clk 01:13:30]} {[%emt
00:02:45]} d6 {[%clk 01:13:05]} {[%emt 00:01:55]} 7. Bxf4 {[%clk 01:08:49]}
{[%emt 00:05:11]} Qf6 {[%clk 01:10:40]} {[%emt 00:02:55]} 8. Ne2 {[%clk
00:54:52]} {[%emt 00:14:27]} Qh4+ {[%clk 01:08:49]} {[%emt 00:02:20]} 9. g3
{[%clk 00:51:58]} {[%emt 00:03:24]} Qg4 {[%clk 01:05:18]} {[%emt 00:04:01]} 10.
Nbc3 {[%clk 00:44:41]} {[%emt 00:07:48]} Ne7 {[%clk 01:04:14]} {[%emt
00:01:32]} 11. Qd2 {[%clk 00:41:35]} {[%emt 00:03:37]} O-O {[%clk 01:03:57]}
{[%emt 00:00:46]} 12. O-O-O {[%clk 00:41:45]} {[%emt 00:00:20]} Ng6 {[%clk
01:03:45]} {[%emt 00:00:19]} 13. Rhf1 {[%clk 00:41:47]} {[%emt 00:00:51]} Nxf4
{[%clk 01:03:01]} {[%emt 00:01:12]} 14. Rxf4 {[%clk 00:40:23]} {[%emt
00:01:56]} Qh5 {[%clk 01:01:19]} {[%emt 00:02:09]} 15. Rdf1 {[%clk 00:37:46]}
{[%emt 00:03:09]} Bh3 {[%clk 01:00:43]} {[%emt 00:01:05]} 16. Rxf7 {[%clk
00:20:48]} {[%emt 00:17:29]} Rxf7 {[%clk 01:00:17]} {[%emt 00:00:51]} 17. Bxf7+
{[%clk 00:20:19]} {[%emt 00:01:04]} Qxf7 {[%clk 01:00:00]} {[%emt 00:00:45]}
18. Rxf7 {[%clk 00:20:41]} {[%emt 00:00:09]} Kxf7 {[%clk 00:59:48]} {[%emt
00:00:42]} 19. Qd5+ {[%clk 00:17:37]} {[%emt 00:02:56]} Be6 {[%clk 00:59:41]}
{[%emt 00:01:16]} 20. Qxb7 {[%clk 00:15:02]} {[%emt 00:03:05]} Rc8 {[%clk
00:59:50]} {[%emt 00:00:20]} 21. Kd2 {[%clk 00:13:54]} {[%emt 00:01:36]} Ke7
{[%clk 00:55:58]} {[%emt 00:04:24]} 22. Nd5+ {[%clk 00:11:43]} {[%emt
00:02:41]} Kd7 {[%clk 00:55:36]} {[%emt 00:00:46]} 23. Nec3 {[%clk 00:09:20]}
{[%emt 00:03:00]} Bg1 {[%clk 00:55:28]} {[%emt 00:00:36]} 24. h4 {[%clk
00:08:58]} {[%emt 00:00:54]} Bh2 {[%clk 00:55:38]} {[%emt 00:00:19]} 25. Nb5
{[%clk 00:08:41]} {[%emt 00:00:47]} Bxg3 {[%clk 00:55:54]} {[%emt 00:00:14]}
26. Ndxc7 {[%clk 00:08:30]} {[%emt 00:00:42]} Bf7 {[%clk 00:55:51]} {[%emt
00:00:33]} 27. Nd5+ {[%clk 00:08:24]} {[%emt 00:00:35]} Ke8 {[%clk 00:55:43]}
{[%emt 00:00:40]} 28. Qe7# {[%clk 00:08:13]} {[%emt 00:00:09]} 1-0

[Event "DEM U10w 2023"]
[Site "Willingen GER"]
[Date "2023.05.31"]
[Round "7"]
[White "Ebel, Io Cornelia"]
[Black "Zietz, Leni"]
[Result "0-1"]
[Termination "normal"]
[Board "21"]
[WhiteElo "768"]
[BlackElo "893"]
[WhiteClock "01:06:28"]
[BlackClock "00:49:15"]
[PlyCount "56"]
[EventCountry "GER"]
[EventRounds "11"]
[EventType "swiss"]
[EventDate "2023.05.27"]

1. e4 {[%clk 01:15:56]} {[%emt 00:00:03]} c5 {[%clk 01:15:54]} {[%emt
00:00:07]} 2. c4 {[%clk 01:16:09]} {[%emt 00:00:17]} g6 {[%clk 01:16:01]}
{[%emt 00:00:23]} 3. Nc3 {[%clk 01:16:27]} {[%emt 00:00:13]} Nc6 {[%clk
01:15:59]} {[%emt 00:00:32]} 4. g3 {[%clk 01:16:44]} {[%emt 00:00:12]} Bg7
{[%clk 01:15:48]} {[%emt 00:00:40]} 5. Bg2 {[%clk 01:16:14]} {[%emt 00:01:00]}
Nf6 {[%clk 01:15:46]} {[%emt 00:00:33]} 6. Nge2 {[%clk 01:16:02]} {[%emt
00:00:42]} O-O {[%clk 01:15:47]} {[%emt 00:00:29]} 7. O-O {[%clk 01:16:17]}
{[%emt 00:00:14]} d6 {[%clk 01:15:11]} {[%emt 00:01:07]} 8. b3 {[%clk
01:16:21]} {[%emt 00:00:25]} Be6 {[%clk 01:11:34]} {[%emt 00:04:08]} 9. d4
{[%clk 01:15:51]} {[%emt 00:01:00]} cxd4 {[%clk 01:07:40]} {[%emt 00:04:24]}
10. Nxd4 {[%clk 01:15:45]} {[%emt 00:00:36]} Ng4 {[%clk 01:02:26]} {[%emt
00:05:43]} 11. Nxe6 {[%clk 01:13:58]} {[%emt 00:02:16]} fxe6 {[%clk 01:01:57]}
{[%emt 00:00:59]} 12. Qxg4 {[%clk 01:13:08]} {[%emt 00:01:20]} Bxc3 {[%clk
01:01:33]} {[%emt 00:00:54]} 13. Qxe6+ {[%clk 01:11:50]} {[%emt 00:01:46]} Rf7
{[%clk 00:58:28]} {[%emt 00:03:38]} 14. Rb1 {[%clk 01:11:53]} {[%emt 00:00:21]}
Nd4 {[%clk 00:57:03]} {[%emt 00:02:00]} 15. Qd5 {[%clk 01:11:35]} {[%emt
00:00:42]} e6 {[%clk 00:55:03]} {[%emt 00:02:37]} 16. Qxe6 {[%clk 01:10:43]}
{[%emt 00:01:59]} Nxe6 {[%clk 00:55:19]} {[%emt 00:00:12]} 17. Bh3 {[%clk
01:09:11]} {[%emt 00:02:03]} Re7 {[%clk 00:55:10]} {[%emt 00:00:39]} 18. Bh6
{[%clk 01:09:05]} {[%emt 00:00:27]} Bg7 {[%clk 00:54:53]} {[%emt 00:00:56]} 19.
Bxg7 {[%clk 01:08:58]} {[%emt 00:00:36]} Kxg7 {[%clk 00:55:10]} {[%emt
00:00:14]} 20. Rbd1 {[%clk 01:08:55]} {[%emt 00:00:30]} Ng5 {[%clk 00:54:32]}
{[%emt 00:01:09]} 21. Bg2 {[%clk 01:08:25]} {[%emt 00:01:02]} Nxe4 {[%clk
00:51:14]} {[%emt 00:03:47]} 22. Rfe1 {[%clk 01:07:35]} {[%emt 00:01:16]} Nc3
{[%clk 00:50:55]} {[%emt 00:00:54]} 23. Rc1 {[%clk 01:07:26]} {[%emt 00:00:35]}
Rxe1+ {[%clk 00:51:11]} {[%emt 00:00:17]} 24. Rxe1 {[%clk 01:07:39]} {[%emt
00:00:17]} Qa5 {[%clk 00:50:03]} {[%emt 00:01:38]} 25. Re7+ {[%clk 01:07:32]}
{[%emt 00:00:38]} Kf8 {[%clk 00:50:06]} {[%emt 00:00:26]} 26. Rxb7 {[%clk
01:07:00]} {[%emt 00:01:02]} Ne2+ {[%clk 00:48:55]} {[%emt 00:01:42]} 27. Kh1
{[%emt 00:00:15]} Qe1+ {[%emt 00:00:32]} 28. Bf1 {[%clk 01:06:28]} {[%emt
00:00:14]} Qxf1# {[%clk 00:49:15]} {[%emt 00:00:10]} 0-1